000
00349nam a2200169Ia 4500
100
_a
Andrew/Charles F
650
_a
Mahatma gandhi
942
_c
BK
366
_f
25
654
_a
mahatma gandhi
245
_a
Mahatma Gandhi:His life and ideas
260
_b
Jaico
_c
2015
082
_b
AND
300
_a
301
546
_a
ENGLISH
999
_c
24690
_d
24690